Italian Classical Music Composers - Statistics

General Stats
  • This quiz has been taken 23 times
  • The average score is 4 of 10
Answer Stats
Answer % Correct
Giuseppe Verdi
87%
Antonio Vivaldi
74%
Gioachino Rossini
61%
Claudio Monteverdi
35%
Domenico Scarlatti
30%
Niccolò Paganini
30%
Vincenzo Bellini
26%
Luigi Boccherini
22%
Arcangelo Corelli
17%
Muzio Clementi
4%
No matching quizzes found
Score Distribution
Percent of People with Each Score
Percentile by Number Answered
Your Score History
You have not taken this quiz